さいたま市内にある駅 - Statistics

General Stats
  • This quiz has been taken 87 times
  • The average score is 24 of 31
Answer Stats
所在区 路線名 駅名 % Correct
浦和区 東北本線 浦和
100%
南区 東北本線/武蔵野線 南浦和
100%
大宮区 東北新幹線/上越新幹線/東北本線/高崎線/川越線/東武野田線/埼玉新都市交通伊奈線 大宮
98%
浦和区 東北本線 北浦和
98%
大宮区 東北本線 さいたま新都心
98%
浦和区 東北本線 与野
98%
桜区 武蔵野線 西浦和
94%
緑区 武蔵野線 東浦和
92%
南区 東北本線/武蔵野線 武蔵浦和
92%
南区 東北本線 中浦和
89%
西区 川越線 西大宮
89%
見沼区 東北本線 東大宮
89%
中央区 東北本線 北与野
88%
中央区 東北本線 与野本町
88%
緑区 埼玉高速鉄道埼玉高速鉄道線 浦和美園
85%
北区 高崎線 宮原
85%
中央区 東北本線 南与野
83%
大宮区 東武野田線 大宮公園
80%
大宮区 東武野田線 北大宮
80%
北区 川越線 日進
80%
西区 川越線 指扇
78%
北区 東北本線 土呂
77%
岩槻区 東武野田線 岩槻
74%
大宮区 埼玉新都市交通伊奈線 鉄道博物館
74%
見沼区 東武野田線 大和田
55%
岩槻区 東武野田線 東岩槻
51%
見沼区 東武野田線 七里
48%
北区 埼玉新都市交通伊奈線 東宮原
48%
北区 埼玉新都市交通伊奈線 加茂宮
45%
北区 埼玉新都市交通伊奈線 今羽
45%
北区 埼玉新都市交通伊奈線 吉野原
42%
No matching quizzes found
Score Distribution
Percent of People with Each Score
Percentile by Number Answered
Your Score History
You have not taken this quiz